| 000 | 00678nam a2200181 a 4500 | ||
|---|---|---|---|
| 001 | 000031733 | ||
| 005 | 20200930063135.0 | ||
| 008 | 110630nuuuuuuuudr a 000 | spa d | ||
| 040 |
_aDO-SdBNP _bspa _cBNPHU |
||
| 082 |
_axxx _bR696c |
||
| 100 | 1 |
_aRodríguez de Báez, Martha _911139 |
|
| 245 | 1 | 0 |
_aConstruyendo una familia sana : _bmanual de ejercicios / _cMartha Rodríguez de Báez. |
| 260 |
_aSanto Domingo : _bUniversidad Católica Santo Domingo. Centro de Investigación y Ciencias de la Familia, _c[19--?]. |
||
| 300 |
_a28 p. : _bil. ; _c21 cm. |
||
| 504 | _aIncluye referencias bibliográficas. | ||
| 710 | 1 |
_aUniversidad Católica Santo Domingo. _91478 |
|
| 049 | _aBNPD | ||
| 999 |
_c31225 _d31225 |
||